000 00833nam a2200253Ia 4500
003 OSt
005 20220930084949.0
006 a|||||r|||| 00| 0
007 ta
008 220926b |||||||| |||| 00| 0 hin d
024 _a88010
037 _cTheses
040 _aCRL
_cCRL
_bhin
041 _2hin
_ahin
100 _aPandey Mahesh Chandra
_9538923
110 _aUniversity of Delhi. Faculty of Music and Fine Arts. Department of Music
_9520437
245 0 _aSwargiya Pandit Chander Shekhor Pant ji ki sangitik yatra
_b Ek avlokan
260 _c2007
650 _aMUSIC
_917402
700 _a Prof. Krishna Bisht Gu.
_9528383
700 _aUniversity of Delhi. Faculty of Music and Fine Arts. Department of Music
_9520438
942 _cDIS
_2CC
999 _c878080
_d878080